LEADER 01429nam a2200313 a 4500 001 000000135301 003 CaOOAMICUS 005 20130903144151.0 008 130903s2013 it d u000 u ita r 020 $a978-88-13-32826-9 040 $aPUL$bita 082 04$a339.5 100 1 $aDi Pace, Massimiliano.$0(OLS)http://pul/name/79535 245 12$aL'economia e la politica economica :$bla macroeconomia ed i contenuti della politica economica italiana e dell'UE /$cMassimiliano Di Pace ; prefazione di Giovanni Somogyi. 250 $a3. ed. 260 $aPadova :$bCEDAM,$c2013. 300 $aXXV, 468 p. :$bgrafici ;$c24 cm 504 $aBibliografia in nota. 650 4$aMacroeconomia.$0(OLS)http://pul/subject/25967 650 4$aPolitica economica$zItalia.$0(OLS)http://pul/subject/18890 700 1 $aSomogyi, Giovanni.$0(OLS)http://pul/name/87174 850 $aPUL 852 $aPUL$W1$xSL Diritto e Scienze Sociali 3$y79$m339. 5 DIPMA 2$j155898$qDDC 21$B155322$CPULBib$Z2$F155322 $H122792 $82 941 1 $a9 996 $6020$a978-88-13-32826-9$9(OLS)http://pul/number/153489 996 $6082$a339.5$9(OLS)http://pul/classification/1791 996 $6245$aL'economia e la politica economica :$bla macroeconomia ed i contenuti della politica economica italiana e dell'UE$9(OLS)http://pul/title/158359 996 $6260$aPadova :$bCEDAM$9(OLS)http://pul/publisher/48126 LEADER 00873nam a2200253 a 4500 001 000000167764 003 CaOOAMICUS 005 20180521144443.0 008 180521s1992 it 000 u ita r 032 $aLibriCat 040 $aPUL$bita 100 1 $aMagli, Ida.$0(OLS)http://pul/name/10112 245 10$aGesu di Nazaret / $cIda Magli. 260 $aMilano :$bRizzoli,$cİ1982. 300 $a173 p. ; $c22 cm. 650 4$aCristologia.$0(OLS)http://pul/subject/1402 850 $aPUL 852 $aPUL$W1$xDP1 Fondo Dalla Palma$y117$m3 E 31$j166367$qFondi$B195422$CPULBib$Z2$F195422 $HDal2256 $81 941 1 $a1 960 $aIesus Christus$91402 960 $aIesus Christus$91402 996 $6245$aGesu di Nazaret / $9(OLS)http://pul/title/207886 996 $6260$aMilano :$bRizzoli$9(OLS)http://pul/publisher/48712